| 000 | 00397nam a2200133Ia 4500 | ||
|---|---|---|---|
| 008 | 150223s9999 xx 000 0 und d | ||
| 020 | _a9781603209526 | ||
| 050 |
_aAY 81.J8 _b .T482M 2014 |
||
| 100 | _aTime. | ||
| 245 |
_aTime for kids : _balmanac 2014 / |
||
| 260 |
_aNew York : _bTime for kids Books, _c2013 |
||
| 300 |
_a256 pages : _bColored, Illustration ; _c23 cm. |
||
| 504 | _aIncludes Index. | ||
| 999 |
_c283331 _d283331 |
||